000 00528nam a2200181Ia 4500
005 20250326141112.0
008 250326s9999 xx 000 0 und d
037 _aTextbook
040 _aFMSL
_beng
_cFMSL
041 _aeng
_2eng
084 _aY:1 N4
_qFMSL
100 _aGannon M J
_9743710
245 0 _aUnderstanding global cultures: mataphorical journeys through seventy countries
_cGannon M J
260 _aLondon
_bLondon, Sage
_c1994
300 _a390p
942 _cTB
_hY:1 N4
999 _c1288711
_d1288711